[Event "Azerbaijan Championship 2022"]
[Site "Nakhchivan"]
[Date "2022.02.12"]
[Round "8.8"]
[White "Talibov, Shiroghlan"]
[Black "Gasimov, Parviz"]
[Result "1-0"]
[WhiteElo "2307"]
[BlackElo "2379"]
[Annotator "ChessBase"]
[PlyCount "113"]
[EventDate "2022.02.05"]
[EventCountry "AZE"]
[SourceTitle "playchess.com"]
[Source "ChessBase"]
[SourceQuality "1"]
[TimeControl "40/5400+30:1800+30"]

1. d4 {[%emt 0:00:01]} d5 {[%emt 0:01:12]} 2. c4 {[%emt 0:00:32]} e6 {[%emt 0:01:25]} 3. Nf3 {[%emt 0:00:09]} Nf6 {[%emt 0:00:09]} 4. Nc3 {[%emt 0:00:05]} c6 {[%emt 0:02:20]} 5. e3 {[%emt 0:00:06]} Nbd7 {[%emt 0:00:06]} 6. Qc2 {[%emt 0:00:06]} Bd6 {[%emt 0:00:26]} 7. Bd3 {[%emt 0:00:05]} dxc4 {[%emt 0:00:49]} 8. Bxc4 {[%emt 0:00:06]} b5 {[%emt 0:00:04]} 9. Be2 {[%emt 0:00:03]} O-O {[%emt 0:03:23]} 10. O-O {[%emt 0:00:07]} Bb7 {[%emt 0:02:06]} 11. e4 {[%emt 0:00:11]} e5 {[%emt 0:02:09]} 12. dxe5 {[%emt 0:00:04]} Nxe5 {[%emt 0:00:05]} 13. Nh4 {[%emt 0:00:01]} g6 {[%emt 0:06:01]} 14. h3 {[%emt 0:00:37]} b4 {[%emt 0:18:19]} 15. Nb1 {[%emt 0:18:17]} c5 {[%emt 0:08:59]} 16. Nd2 {[%emt 0:00:07]} Nc6 {[%emt 0:04:44]} 17. Nhf3 {[%emt 0:06:40]} Qe7 {[%emt 0:02:40]} 18. b3 {[%emt 0:12:42]} Be5 {[%emt 0:04:28]} 19. Nxe5 {[%emt 0:11:32]} Nd4 {[%emt 0:05:28]} 20. Qd1 {[%emt 0:09:35]} Qxe5 {[%emt 0:01:20]} 21. Bc4 {[%emt 0:04:01]} Ne2+ {[%emt 0:06:51]} 22. Qxe2 {[%emt 0:00:30]} Qxa1 {[%emt 0:00:05]} 23. Nf3 {[%emt 0:00:19]} Nxe4 {[%emt 0:08:29]} 24. Bb2 {[%emt 0:00:27]} Qxa2 {[%emt 0:00:16]} 25. Ra1 {[%emt 0:00:16]} Nc3 {[%emt 0:00:22]} 26. Rxa2 {[%emt 0:09:00]} Nxe2+ {[%emt 0:00:08]} 27. Bxe2 {[%emt 0:00:01]} Bd5 {[%emt 0:03:30]} 28. Nd2 {[%emt 0:05:11]} Rfe8 {[%emt 0:02:28]} 29. Bb5 {[%emt 0:03:57]} Re1+ {[%emt 0:01:23]} 30. Kh2 {[%emt 0:00:06]} a5 {[%emt 0:04:26]} 31. Ra4 {[%emt 0:07:02]} Rd1 {[%emt 0:04:29]} 32. Nc4 {[%emt 0:01:05]} Rb1 {[%emt 0:00:44]} 33. Be5 {[%emt 0:01:38]} Ra7 {[%emt 0:03:21]} 34. Nxa5 {[%emt 0:01:59]} Rc1 {[%emt 0:03:44]} 35. Kg3 {[%emt 0:05:23]} f5 {[%emt 0:00:31]} 36. f3 {[%emt 0:01:43]} Kf7 {[%emt 0:00:32]} 37. h4 {[%emt 0:01:43]} Ke6 {[%emt 0:00:34]} 38. Bb8 {[%emt 0:03:04]} Ra8 {[%emt 0:00:17]} 39. Bf4 {[%emt 0:00:35]} Rc2 {[%emt 0:00:47]} 40. Ra1 {[%emt 0:00:00]} Kf6 {[%emt 0:00:00]} 41. Bc7 {[%emt 0:03:49]} Rc8 {[%emt 0:06:48]} 42. Bd6 {[%emt 0:05:48]} Ra8 {[%emt 0:08:40]} 43. Kf4 {[%emt 0:00:48]} Ke6 {[%emt 0:04:38]} 44. Bc7 {[%emt 0:01:10]} Rxg2 {[%emt 0:01:24]} 45. Re1+ {[%emt 0:00:20]} Kf6 {[%emt 0:01:26]} 46. Rd1 {[%emt 0:03:05]} Be6 {[%emt 0:02:17]} 47. Nb7 {[%emt 0:03:56]} Bxb3 {[%emt 0:04:48]} 48. Rd7 {[%emt 0:00:39]} Rc2 {[%emt 0:03:28]} 49. Be5+ {[%emt 0:03:20]} Ke6 {[%emt 0:00:02]} 50. Nd8+ {[%emt 0:00:34]} Rxd8 {[%emt 0:00:18]} 51. Rxd8 {[%emt 0:00:02]} c4 {[%emt 0:00:57]} 52. Bc6 {[%emt 0:01:42]} Ba2 {[%emt 0:01:33]} 53. Bd5+ {[%emt 0:04:16]} Ke7 {[%emt 0:00:01]} 54. Rb8 {[%emt 0:00:42]} b3 {[%emt 0:01:23]} 55. Rb7+ {[%emt 0:00:09]} Kd8 {[%emt 0:00:04]} 56. Be6 {[%emt 0:00:10]} b2 {[%emt 0:00:55]} 57. Bf6+ {[%emt 0:00:07]} 1-0

[Event "Azerbaijan Championship 2022"]
[Site "Nakhchivan"]
[Date "2022.02.12"]
[Round "8.9"]
[White "Bayramov, Elvin"]
[Black "Manafov, Vugar"]
[Result "0-1"]
[WhiteElo "2280"]
[BlackElo "2299"]
[Annotator "ChessBase"]
[PlyCount "84"]
[EventDate "2022.02.05"]
[EventCountry "AZE"]
[SourceTitle "playchess.com"]
[Source "ChessBase"]
[SourceQuality "1"]
[TimeControl "40/5400+30:1800+30"]

1. Nf3 {[%emt 0:00:04]} Nf6 {[%emt 0:00:06]} 2. c4 {[%emt 0:00:07]} e6 {[%emt 0:00:06]} 3. g3 {[%emt 0:00:03]} d5 {[%emt 0:00:03]} 4. Bg2 {[%emt 0:00:04]} dxc4 {[%emt 0:00:27]} 5. Qa4+ {[%emt 0:00:49]} Nbd7 {[%emt 0:00:09]} 6. O-O {[%emt 0:00:33]} a6 {[%emt 0:00:22]} 7. Qxc4 {[%emt 0:00:34]} c5 {[%emt 0:00:08]} 8. a4 {[%emt 0:01:04]} b6 {[%emt 0:00:29]} 9. Ng5 {[%emt 0:01:03]} Rb8 {[%emt 0:05:50]} 10. d4 {[%emt 0:00:35]} h6 {[%emt 0:02:11]} 11. Ne4 {[%emt 0:04:58]} b5 {[%emt 0:09:24]} 12. axb5 {[%emt 0:01:12]} axb5 {[%emt 0:00:06]} 13. Qd3 {[%emt 0:03:32]} c4 {[%emt 0:00:27]} 14. Qc2 {[%emt 0:00:21]} Nxe4 {[%emt 0:00:40]} 15. Bxe4 {[%emt 0:00:13]} Bd6 {[%emt 0:00:33]} 16. Nc3 {[%emt 0:02:01]} b4 {[%emt 0:05:14]} 17. Na4 {[%emt 0:00:59]} Qc7 {[%emt 0:00:31]} 18. Nc5 {[%emt 0:00:21]} Nxc5 {[%emt 0:00:25]} 19. dxc5 {[%emt 0:00:05]} Bxc5 {[%emt 0:00:05]} 20. Kg2 {[%emt 0:02:42]} Bd4 {[%emt 0:00:37]} 21. Rd1 {[%emt 0:01:14]} b3 {[%emt 0:01:51]} 22. Qd2 {[%emt 0:03:16]} Bf6 {[%emt 0:00:06]} 23. Qf4 {[%emt 0:01:02]} Be5 {[%emt 0:00:41]} 24. Qh4 {[%emt 0:08:28]} O-O {[%emt 0:04:39]} 25. Ra4 {[%emt 0:09:06]} Bb7 {[%emt 0:04:46]} 26. f3 {[%emt 0:00:17]} Bxe4 {[%emt 0:04:34]} 27. Qxe4 {[%emt 0:00:12]} Rfc8 {[%emt 0:00:05]} 28. Rxc4 {[%emt 0:01:57]} Qxc4 {[%emt 0:00:14]} 29. Rd8+ {[%emt 0:00:05]} Rxd8 {[%emt 0:00:02]} 30. Qxc4 {[%emt 0:00:05]} Rbc8 {[%emt 0:03:02]} 31. Qe4 {[%emt 0:02:32]} Bf6 {[%emt 0:00:38]} 32. Bf4 {[%emt 0:01:49]} Bxb2 {[%emt 0:00:21]} 33. Qb7 {[%emt 0:00:19]} e5 {[%emt 0:00:19]} 34. Qxb3 {[%emt 0:03:16]} Rb8 {[%emt 0:00:06]} 35. Qc2 {[%emt 0:00:07]} exf4 {[%emt 0:00:04]} 36. gxf4 {[%emt 0:00:03]} Bf6 {[%emt 0:01:14]} 37. Kg3 {[%emt 0:00:14]} Rb2 {[%emt 0:01:16]} 38. Qc4 {[%emt 0:01:17]} Rdd2 {[%emt 0:00:23]} 39. Qc8+ {[%emt 0:00:10]} Rd8 {[%emt 0:00:05]} 40. Qc4 {[%emt 0:00:00]} g6 {[%emt 0:00:00]} 41. f5 {[%emt 0:00:39]} g5 {[%emt 0:00:42]} 42. Qc6 {[%emt 0:01:22]} Kg7 {[%emt 0:00:10]} 0-1

[Event "Azerbaijan Championship 2022"]
[Site "Nakhchivan"]
[Date "2022.02.12"]
[Round "8.10"]
[White "Bayramov, Zaur"]
[Black "Mustafayev, Farid"]
[Result "0-1"]
[WhiteElo "2357"]
[BlackElo "2322"]
[Annotator "ChessBase"]
[PlyCount "112"]
[EventDate "2022.02.05"]
[EventCountry "AZE"]
[SourceTitle "playchess.com"]
[Source "ChessBase"]
[SourceQuality "1"]
[TimeControl "40/5400+30:1800+30"]

1. c4 Nf6 2. Nf3 d6 3. Nc3 Bf5 4. d3 e5 5. g3 Qc8 6. Bg2 Bh3 7. O-O Bxg2 8. Kxg2 Be7 9. d4 Nbd7 10. e4 O-O 11. c5 Re8 12. cxd6 Bxd6 13. dxe5 Nxe5 14. Nd4 Bb4 15. Qc2 Bxc3 16. bxc3 c5 17. Nf5 Qc6 18. f3 g6 19. Nh4 Rad8 20. Bg5 Rd3 21. Rae1 Red8 22. Re2 Kg7 23. Qc1 Re8 24. Rd1 c4 25. Rf1 Nfd7 26. Be3 f6 27. Bd4 Kg8 28. h3 a5 29. Qa3 b6 30. Kh2 g5 31. Nf5 Rxf3 32. Ref2 Rxf2+ 33. Rxf2 Qxe4 34. Nd6 Nf3+ 35. Rxf3 Qxf3 36. Nxe8 Qe2+ 37. Kg1 Qxe8 38. Qd6 Kf7 39. g4 Qe6 40. Qc7 Kg6 41. Qc8 h5 42. Kf2 b5 43. a3 hxg4 44. hxg4 Qxg4 45. Qg8+ Kf5 46. Qd5+ Ne5 47. Qxb5 Qf3+ 48. Ke1 Kf4 49. Kd2 Qg2+ 50. Kc1 Nd3+ 51. Kb1 Qf1+ 52. Ka2 Qe2+ 53. Kb1 Qd1+ 54. Ka2 Qc2+ 55. Ka1 Nc1 56. Qb8+ Kg4 0-1

[Event "Azerbaijan Championship 2022"]
[Site "Nakhchivan"]
[Date "2022.02.12"]
[Round "8.11"]
[White "Abbasov, Farid"]
[Black "Atakishiyev, Elmar"]
[Result "1-0"]
[WhiteElo "2527"]
[BlackElo "2240"]
[Annotator "TA"]
[PlyCount "129"]
[EventDate "2022.02.05"]
[EventCountry "AZE"]
[SourceTitle "playchess.com"]
[Source "ChessBase"]
[SourceQuality "1"]

{[%evp 9,129,25,27,27,29,24,38,21,54,42,69,71,62,54,79,74,81,62,56,52,97,77,66,35,30,24,30,33,42,28,29,31,38,30,33,38,38,38,38,29,39,31,34,31,33,7,55,20,222,202,212,203,266,274,289,19,289,302,301,211,214,221,215,116,185,201,201,173,205,141,140,140,86,0,181,0,173,173,153,123,220,0,145,148,139,147,266,77,77,170,420,282,438,438,412,412,158,211,168,83,29970,29971,29974,29972,29971,29973,29972,29974,29974,29975,29976,29977,29978,29978,29978,29979,29984,29985,29985,29983,29985,29986]} 1. c4 Nf6 2. Nc3 d5 3. cxd5 Nxd5 4. Nf3 g6 5. h4 Bg7 6. e4 {A16: English Opening: 1...Nf6 with ...d5.} Nxc3 7. dxc3 Qxd1+ 8. Kxd1 {White is slightly better.} Bg4 9. Kc2 {[#]} c6 $146 ({Predecessor:} 9... Nd7 10. Nd4 e5 11. Nb5 Kd8 12. f3 Be6 13. h5 a6 14. Na3 b5 15. Nb1 c6 {½-½ (30) Anton Guijarro,D (2697)-Duda,J (2755) Prague 2020}) 10. Be3 Nd7 11. Nd2 {[%cal Oh4h5]} O-O-O 12. f3 {[%cal Bf2f3,Bf3f4][%mdl 32]} Be6 13. h5 ({Inferior is} 13. Bxa7 b6 14. Bc4 Bxc4 15. Nxc4 Kb7 16. Nxb6 Nxb6 17. Bxb6 Kxb6 $17) 13... f5 14. a4 ({Reject} 14. Bxa7 b6 $11) 14... Kb8 (14... gxh5 $14 {feels stronger.} 15. Bxa7 Bh6) 15. Re1 Be5 (15... Ne5 $2 16. h6 Bf6 17. f4 $18) 16. f4 Bc7 17. Bd3 Nf6 (17... Rhg8 {with more complications.} 18. g3 fxe4 19. Nxe4 Bf5 20. hxg6 hxg6 21. Nc5 Nxc5 22. Bxf5 gxf5 23. Bxc5 Rxg3 24. Bxe7 Rc8) 18. hxg6 hxg6 19. Rxh8 Rxh8 20. Bd4 {Threatens to win with exf5.} Bxf4 21. exf5 Bxf5 22. Bxf5 gxf5 23. Rxe7 Rf8 24. Nc4 Nd5 25. Rg7 Bc7 26. a5 Re8 27. b4 f4 (27... b5 $11 {is more appropriate.} 28. axb6 axb6) 28. Kb3 Ne3 $2 (28... b5 $11 {and Black is okay.}) 29. Nxe3 $1 $18 fxe3 {[#]} 30. Bxe3 $1 {[%mdl 512]} Rxe3 {[%mdl 4096] Endgame KRB-KR} (30... Be5 31. Rg5) 31. Rg8+ Bd8 32. Rxd8+ {KR-KR} Kc7 33. Rg8 Re7 34. Rg6 b6 35. Rg5 Kb7 36. Kc4 (36. g4 $18) 36... Re1 (36... bxa5 $16 37. bxa5 (37. Rxa5 Rg7 $14) 37... Ka6) 37. axb6 Kxb6 38. Kd3 Rd1+ 39. Ke2 Rc1 40. Kd2 Rg1 41. Kd3 (41. Kc2 $16) 41... Rd1+ 42. Kc4 Re1 $1 43. Rg6 a6 44. Rd6 Re2 (44... Re5 $16 {keeps fighting.}) 45. Rg6 Re1 46. g4 {g5 is the strong threat.} Rg1 47. Rg8 Rg2 (47... Rg3 $16 48. Rg6 Rf3) 48. g5 $2 (48. Kd4 $1 $18) 48... Rg4+ $16 49. Kd3 {Strongly threatening Ke3.} Kb5 $2 (49... a5 {might work better.} 50. bxa5+ Kxa5) 50. g6 $1 $18 Ka4 51. g7 Kb3 52. c4 $1 Rg3+ $2 (52... Rg1 $18 53. Kd4 Rg4+ 54. Ke5 Rg6) 53. Kd4 $16 Rg4+ 54. Ke5 (54. Kc5 $1 $18 {and White stays clearly on top.}) 54... Kxc4 $2 {[%mdl 8192] [#]} (54... Rg2 $16) 55. Kf6 $1 {White mates.} Kxb4 56. Rb8+ Kc3 57. g8=Q Rxg8 58. Rxg8 {KR-KPP} a5 59. Ra8 c5 60. Ke5 c4 {[#]} 61. Ke4 $1 Kd2 62. Rh8 Kc2 63. Kd4 c3 64. Kc4 Kb2 65. Rb8+ {Weighted Error Value: White=0.26 (precise) /Black=0.28 (precise)} 1-0

[Event "Azerbaijan Championship 2022"]
[Site "Nakhchivan"]
[Date "2022.02.12"]
[Round "8.12"]
[White "Babayev, Talib"]
[Black "Sevdimaliyev, Urfan"]
[Result "0-1"]
[WhiteElo "2256"]
[BlackElo "2359"]
[Annotator "ChessBase"]
[PlyCount "96"]
[EventDate "2022.02.05"]
[EventCountry "AZE"]
[SourceTitle "playchess.com"]
[Source "ChessBase"]
[SourceQuality "1"]
[TimeControl "40/5400+30:1800+30"]

1. e4 {[%emt 0:00:03]} c5 {[%emt 0:02:21]} 2. Nf3 {[%emt 0:00:08]} Nc6 {[%emt 0:00:12]} 3. d4 {[%emt 0:00:07]} cxd4 {[%emt 0:00:04]} 4. Nxd4 {[%emt 0:00:05]} g6 {[%emt 0:00:19]} 5. c4 {[%emt 0:00:07]} Bg7 {[%emt 0:00:16]} 6. Be3 {[%emt 0:00:13]} Nf6 {[%emt 0:00:26]} 7. Nc3 {[%emt 0:00:07]} O-O {[%emt 0:00:33]} 8. Be2 {[%emt 0:00:35]} d6 {[%emt 0:00:19]} 9. O-O {[%emt 0:00:32]} Bd7 {[%emt 0:00:22]} 10. Qd2 {[%emt 0:00:33]} Nxd4 {[%emt 0:00:17]} 11. Bxd4 {[%emt 0:00:06]} Bc6 {[%emt 0:00:04]} 12. Bd3 {[%emt 0:00:08]} a5 {[%emt 0:03:23]} 13. b3 {[%emt 0:01:24]} Nd7 {[%emt 0:02:09]} 14. Bxg7 {[%emt 0:00:13]} Kxg7 {[%emt 0:00:04]} 15. Rae1 {[%emt 0:00:53]} Qb6 {[%emt 0:10:59]} 16. Re3 {[%emt 0:03:31]} Qd4 {[%emt 0:11:59]} 17. Rh3 {[%emt 0:06:44]} h5 {[%emt 0:02:12]} 18. Ne2 {[%emt 0:04:28]} Qc5 {[%emt 0:14:05]} 19. Kh1 {[%emt 0:18:17]} Nf6 {[%emt 0:03:46]} 20. f3 {[%emt 0:08:30]} b5 {[%emt 0:13:02]} 21. Rg3 {[%emt 0:06:33]} bxc4 {[%emt 0:02:01]} 22. Bxc4 {[%emt 0:00:19]} Rfd8 {[%emt 0:04:47]} 23. Nd4 {[%emt 0:04:20]} Bd7 {[%emt 0:03:06]} 24. Re1 {[%emt 0:08:45]} e5 {[%emt 0:10:38]} 25. Nf5+ {[%emt 0:05:39]} Bxf5 {[%emt 0:00:04]} 26. exf5 {[%emt 0:00:06]} Qb4 {[%emt 0:01:17]} 27. Qc1 {[%emt 0:11:19]} d5 {[%emt 0:02:15]} 28. a3 {[%emt 0:00:06]} Qc5 {[%emt 0:03:46]} 29. Bd3 {[%emt 0:06:40]} Qxc1 {[%emt 0:00:51]} 30. Rxc1 {[%emt 0:00:04]} h4 {[%emt 0:00:59]} 31. Rh3 {[%emt 0:00:14]} Rac8 {[%emt 0:00:59]} 32. Rd1 {[%emt 0:02:23]} g5 {[%emt 0:01:42]} 33. f4 {[%emt 0:02:55]} exf4 {[%emt 0:01:51]} 34. Rf3 {[%emt 0:00:26]} Rc3 {[%emt 0:00:37]} 35. Bb1 {[%emt 0:00:30]} Rdc8 {[%emt 0:00:58]} 36. a4 {[%emt 0:06:18]} Rc1 {[%emt 0:01:00]} 37. Rff1 {[%emt 0:00:31]} Rxd1 {[%emt 0:00:27]} 38. Rxd1 {[%emt 0:00:05]} Ng4 {[%emt 0:00:52]} 39. Kg1 {[%emt 0:00:40]} Ne3 {[%emt 0:00:40]} 40. Re1 {[%emt 0:00:00]} Rc3 {[%emt 0:00:00]} 41. g3 {[%emt 0:04:26]} hxg3 {[%emt 0:05:03]} 42. hxg3 {[%emt 0:00:21]} fxg3 {[%emt 0:00:08]} 43. b4 {[%emt 0:03:40]} axb4 {[%emt 0:00:47]} 44. a5 {[%emt 0:00:04]} d4 {[%emt 0:00:38]} 45. a6 {[%emt 0:00:26]} Ra3 {[%emt 0:00:12]} 46. Bd3 {[%emt 0:00:06]} Rxd3 {[%emt 0:01:38]} 47. Ra1 {[%emt 0:00:14]} b3 {[%emt 0:02:53]} 48. f6+ {[%emt 0:01:19]} Kg6 {[%emt 0:00:47]} 0-1

[Event "Azerbaijan Championship 2022"]
[Site "Nakhchivan"]
[Date "2022.02.13"]
[Round "9.1"]
[White "Ahmadzada, Ahmad"]
[Black "Iskandarov, Misratdin"]
[Result "1/2-1/2"]
[WhiteElo "2467"]
[BlackElo "2566"]
[Annotator "TA"]
[PlyCount "101"]
[EventDate "2022.02.05"]
[EventCountry "AZE"]
[SourceTitle "playchess.com"]
[Source "ChessBase"]
[SourceQuality "1"]

{[%evp 14,101,6,7,10,8,8,-5,-7,-45,-36,-35,0,0,0,0,0,0,0,-63,0,0,34,22,43,48,34,34,40,44,58,-33,-47,-9,-16,-85,-42,-58,0,-589,-572,-626,-618,-537,0,0,0,-239,-227,-98,-236,-228,-206,-186,-185,-170,-207,-189,-96,-110,-8,-8,-8,-8,-8,-8,0,-8,-8,-8,-8,-8,-8,-8,0,0,0,0,0,-8,-8,-8,-8,-8,-8,-8,-8,-8,0,0]} 1. e4 c5 2. Nf3 a6 3. Nc3 e6 4. d4 cxd4 5. Nxd4 b5 6. a3 Bb7 7. g3 Nf6 8. Bg2 d6 {B43: Sicilian: Kan Variation: 5 Nc3.} 9. O-O Nbd7 10. f4 h5 {[%cal Bh7h5,Bh5h4][%mdl 32]} 11. Kh1 Rc8 12. Qe2 {[#]} h4 $146 ({Predecessor:} 12... Nb6 13. Nf5 Qc7 14. Ne3 Be7 15. Rd1 Nc4 16. f5 Ne5 17. Bd2 Qb6 18. h3 Bc6 19. fxe6 fxe6 {½-½ (33) Domingos,J (2041)-Lebredo Zaragoitia,G (2203) Brasilia 2012}) 13. g4 h3 14. Bf3 e5 15. Nb3 Be7 16. Bd2 ({White should try} 16. g5 $11 Nh7 17. a4) 16... exf4 (16... O-O $15) 17. Bxf4 $11 Ne5 18. Bxe5 dxe5 19. g5 Nh7 (19... Nd7 20. Bg4 Qb6 21. Rad1 $16 (21. Bxd7+ Kxd7 22. Rxf7 Qg6 $14)) 20. g6 fxg6 21. Rad1 $1 Qc7 {[#]} 22. Bg4 (22. Bh5 $1 $14 Nf6 23. Bxg6+ Kf8 24. Rf3) 22... Nf6 $15 23. Bxc8 Qxc8 24. Nd2 (24. Rf3 $1 $11 {keeps the balance.}) 24... O-O (24... g5 $17) 25. Nf3 Bxa3 26. Nd5 $2 {[%mdl 8192]} (26. bxa3 $11 {and White stays safe.} Qxc3 27. Ng5) 26... Nxd5 $19 27. exd5 Bxb2 28. Ng5 Rd8 (28... Rf5 $19 29. Rxf5 Qxf5) 29. Qf2 $1 $11 {White wants to mate with Qh4. Really sharp!} ({Don't go for} 29. Qf3 $2 Qf5 30. Qxh3 Qxh3 31. Nxh3 Bxd5+ 32. Kg1 a5 $19) 29... Rf8 30. Qxf8+ (30. Qe2 $1 $11 {and White is okay.}) 30... Qxf8 $19 31. Rxf8+ Kxf8 $11 {[%mdl 4096] Endgame KRN-KB} 32. Ne6+ Ke7 33. Nc5 Ba8 34. Nxa6 {Strongly threatening Nc7.} Kd6 {Inhibits Nc7.} 35. Nb4 Bd4 (35... Bc3 $19 36. Nc6 Bb7) 36. Rd3 $17 {[#]} Bc5 (36... Kc5 $1 $17 {[%cal Rc5b4]} 37. Nc6 Kxd5 38. Nxd4 exd4) 37. c3 $11 {The position is equal.} e4 38. Rxh3 Bxd5 39. Kg2 Be6 40. Rh7 Be3 {White must now prevent ...Bd2.} 41. Rxg7 Bd2 {This bishop pair is nice.} 42. Rxg6 Bxc3 43. Nc6 Kd7 {To avoid Nd8. Threatens to win with ...Bd5.} 44. Nb8+ Ke7 {And now ...Kf7 would win.} 45. Nc6+ Kf7 46. Rg5 Bc4 47. Ne5+ Kf6 48. Nxc4 Kxg5 49. Nd6 {[%csl LRb5,LRe4]} b4 {( -> ...Kf4)} 50. Nxe4+ Kf5 (50... Kf4 $5 51. Nc5 Ke3 $11) 51. Kf3 {Whites escaped into a draw.  Weighted Error Value: White=0.32/Black=0.25 (precise)} 1/2-1/2

[Event "Azerbaijan Championship 2022"]
[Site "Nakhchivan"]
[Date "2022.02.13"]
[Round "9.2"]
[White "Durarbayli, Vasif"]
[Black "Talibov, Shiroghlan"]
[Result "1-0"]
[WhiteElo "2615"]
[BlackElo "2307"]
[Annotator "TA"]
[PlyCount "77"]
[EventDate "2022.02.05"]
[EventCountry "AZE"]
[SourceTitle "playchess.com"]
[Source "ChessBase"]
[SourceQuality "1"]

{[%evp 9,77,12,47,43,50,52,54,43,56,47,60,53,57,38,37,37,39,-14,-19,-13,11,14,39,54,71,53,54,-38,-35,-35,-38,-48,16,0,16,16,17,27,31,26,21,24,24,14,14,9,73,0,46,-41,0,0,0,0,0,0,0,0,0,0,0,0,20,20,32,32,158,133,753,741]} 1. e4 e6 2. d4 d5 3. e5 c5 4. c3 Qa5 5. dxc5 Qxc5 6. Bd3 {C02: French: Advance Variation.} Qc7 7. Nf3 Nc6 8. Bf4 {White is slightly better.} Nge7 9. Qe2 f5 {[#]} 10. h4 $146 ({Predecessor:} 10. exf6 Qxf4 11. fxe7 Qc1+ 12. Qd1 Qxd1+ 13. Kxd1 Bxe7 14. Re1 O-O 15. Nbd2 Bf6 16. Bb5 {½-½ (45) Skala,J (1964)-Belohlav,J (1977) Czech Republic 2005}) 10... h6 11. a3 Bd7 12. Nbd2 Rg8 13. c4 (13. Kf1 $14) 13... O-O-O $11 14. b4 g5 15. hxg5 hxg5 (15... Ng6 $5 {[%cal Rg6f4]} 16. g3 Nxf4 17. gxf4 dxc4 18. Bxc4 (18. Nxc4 hxg5 19. Nxg5 Kb8 $16) 18... hxg5 $14) 16. Bxg5 Rxg5 17. Nxg5 Nxe5 18. Ngf3 (18. Rh7 $2 Nxd3+ 19. Kf1 Nf4 $19) (18. Rd1 $14) 18... N7g6 $15 19. Kf1 Nxf3 20. Qxf3 (20. gxf3 $2 Bg7 21. Qd1 Nf4 $19) 20... Ne5 (20... dxc4 $1 $15 21. Bxc4 (21. Nxc4 $2 Bc6 $19) 21... Bc6) 21. Qe2 Nxd3 22. Qxd3 dxc4 23. Qxc4 Qxc4+ 24. Nxc4 Bb5 25. Rc1 {[%cal Oa3a4]} Kb8 $1 (25... Rd4 $2 26. Rh8 $1 $18) 26. Ke2 {Hoping for Ke3.} Rc8 $1 ({Don't do} 26... Rd4 27. Ke3 $1 (27. Rh8 Bxc4+ 28. Ke3 Rd3+ 29. Kf4 Rd8 $14) 27... Bg7 28. Rh7 $1 $14) 27. Kd3 e5 (27... Bg7 $11 {keeps the balance.}) 28. f3 (28. Rh8 $16) 28... Bg7 (28... Be7 $1 $11) 29. Rhe1 (29. Rh7 $14 Rc7 30. Kd2 $1 Bxc4 31. Rxc4 $1 Rxc4 32. Rxg7) 29... e4+ (29... Bf6 $1 $15 {should be considered.}) 30. fxe4 $11 {Threatens to win with e5.} Rd8+ 31. Ke2 {[%cal Oa3a4] a4! is the strong threat.} Rd4 32. exf5 {[%cal Oe2f3]} Bxc4+ 33. Ke3 Rd3+ 34. Ke4 Rd4+ 35. Kf3 {aiming for Re8+.} Bd5+ {A strong pair of Bishops.} 36. Kg3 {[%cal Re1e8]} Rd3+ 37. Kg4 {[%cal Re1e8]} Bc6 {[#] To avoid Re8+} (37... a5 $1 $14) 38. Rcd1 $1 $16 Rxa3 {[%mdl 8192]} (38... Rxd1 $16 39. Rxd1 Bb2) 39. Re7 {Weighted Error Value: White=0.18 (very precise) /Black=0.19 (very precise)} 1-0

[Event "Azerbaijan Championship 2022"]
[Site "Nakhchivan"]
[Date "2022.02.13"]
[Round "9.3"]
[White "Muradli, Mahammad"]
[Black "Suleymanli, Aydin"]
[Result "1-0"]
[WhiteElo "2528"]
[BlackElo "2530"]
[Annotator "TA"]
[PlyCount "137"]
[EventDate "2022.02.05"]
[EventCountry "AZE"]
[SourceTitle "playchess.com"]
[Source "ChessBase"]
[SourceQuality "1"]

{[%evp 9,137,19,22,20,35,31,31,28,32,25,22,12,14,0,0,0,33,27,18,31,24,17,16,2,24,31,31,31,25,25,40,37,38,33,30,-8,0,-12,0,-41,0,-20,0,0,0,0,0,-48,-15,-20,0,0,0,0,0,8,10,0,0,0,0,0,22,38,87,96,137,137,137,145,164,164,164,164,162,162,164,164,164,164,164,156,158,163,163,163,163,129,380,368,342,302,357,321,299,322,468,467,468,341,1344,1239,1164,1045,7991,6155,12835,12835,12834,12835,12825,670,4934,5840,1977,743,12830,12829,12831,11771,11771,2478,12836,12837,12837,12837,12842,12842,12845,12846]} 1. d4 Nf6 2. c4 e6 3. Nf3 d5 4. Nc3 h6 5. g3 Bd6 6. Bg2 {D37: Queen's Gambit Declined: 5 Bf4.} Nc6 {To avoid Ne5} 7. b3 {[%cal Bb2b3,Bb3c4,Bc4c5,Bc5c6,Bc6d7][%mdl 32]} O-O 8. O-O {White is slightly better.} dxc4 9. bxc4 e5 10. d5 Na5 11. Qa4 b6 12. c5 {[#]} Bd7 $146 ({Predecessor:} 12... Bxc5 13. Nxe5 Re8 14. Nd3 Bd7 15. Qc2 Bf5 16. Bb2 Bd4 17. Rad1 Nc4 18. Ba1 Nd6 {1-0 (33) Javakhishvili,L (2446)-Shuvalova,P (2509) Riga 2021}) 13. c6 Nxd5 $1 14. cxd7 ({But not} 14. Nxd5 Bxc6 15. Qd1 e4 $15) 14... Nxc3 15. Qc2 Nd5 16. Nh4 Nf6 17. Bxa8 Qxa8 18. Nf5 {[%cal Oc1h6] Hoping for Bxh6!} Rd8 ({Not} 18... Nxd7 19. Qa4 Nc5 20. Qg4 $16) 19. Rd1 Rxd7 20. Bb2 Qe8 21. Rac1 Qe6 22. Ba1 Bc5 23. Rxd7 Nxd7 {Pair of Knights!} 24. Rd1 (24. Qe4 $11) 24... Nc6 (24... Nc4 $1 $15) 25. e3 Nf6 26. Nh4 a5 27. Kg2 Kf8 28. a4 (28. Nf3 $11) 28... Kg8 29. h3 Qe8 30. Qc4 Nb4 31. Nf5 Qc6+ 32. Kg1 {The board is on fire.} Qe6 33. Qxe6 fxe6 34. Nh4 {[%cal Bf5h4,Bh4g6,Bg6e7][%mdl 32]} Bd6 35. Ng6 Nd7 36. Ne7+ Kf7 (36... Bxe7 $14 37. Rxd7 Bd6) 37. Nc8 $16 {White is more active.} Nd5 ({Black should play} 37... e4) 38. e4 N5f6 39. Nxd6+ cxd6 40. Rxd6 {[%mdl 4096] Endgame f3 is the strong threat. KRB-KNN} Ke7 41. Rc6 {And now f3 would win.} Nxe4 42. Bb2 Nec5 {[#]} 43. Ba3 $1 Kf6 44. Rd6 e4 45. Kg2 Ke5 46. Bxc5 {[%mdl 64] Overworked Piece} Nxc5 47. Rxb6 {Threatens to win with Rb5.} Nxa4 {KR-KN} 48. Rc6 Nb2 $2 {[%mdl 8192] Black cannot hold the game after this.} (48... g5 $16 49. Rc4 Nb6 50. Rc5+ Nd5 51. Rxa5 h5) 49. Rc5+ $18 Kf6 50. Rxa5 Nd3 51. Kf1 {Prevents Ne1. Strongly threatening Ke2.} Ne5 {[#]} 52. Ke2 Nf7 (52... Nc4 {was called for.} 53. Ra6 Ke5) 53. Ra6 Ng5 54. h4 Nf3 (54... Nf7 55. Ke3 g6 56. Kxe4 h5) 55. Ke3 {White is clearly winning.} Kf5 56. Ra5+ e5 57. Ra8 Nh2 58. Rf8+ Ke6 59. Kxe4 Ng4 60. Kf3 (60. h5 $142 Ke7 61. Ra8) 60... h5 61. Ra8 {Black must now prevent Ra6+.} Kf5 62. Ke2 (62. Ra5 $142 Nh6 63. Ke2) 62... g6 63. Ra5 Ke6 64. f3 Nf6 65. Kd3 Kd6 66. Ra6+ Ke7 67. g4 e4+ 68. fxe4 hxg4 69. Ke3 {Weighted Error Value: White=0.14 (very precise) /Black=0.18 (very precise)} 1-0